01429nam a2200277 i 4500001000300000100002100003245009200024246008600116260007000202300003300272490021200305500012900517504002600646546001900672650005200691650004000743830007100783830008400854015001800938040000800956041001300964044000800977080002700985008004101012856009801053bg1 aHoła, Bożena.10aModelowanie jakościowe i ilościowe wypadkowości w budownictwie /cBożena Hoła.15aQualitative and quantitative modelling of accident situation in building industry aWrocław :bOficyna Wydawnicza Politechniki Wrocławskiej,c2008. a160, [1] s. :bil. ;c24 cm.1 aPrace Naukowe Instytutu Budownictwa Politechniki Wrocławskiej. Monografie =aScientific Papers of the Institute of Building Engineering of the Wrocław University of Technology. Monographs,x0324-9875 ;v38 aTyt. równol.: Qualitative and quantitative modelling of accident situation in building industry. Numeracja serii gł.: 89. aBibliogr. s. 153-160. aStreszcz. ang. 9aBudownictwoxbezpieczeństwoxkontrolaxmetody 9aWypadki przy pracyxbadaniexmetody 0aPrace Naukowe Instytutu Budownictwa Politechniki Wrocławskiejv89 0aPrace Naukowe Instytutu Budownictwa Politechniki Wrocławskiej.pMonografiev38 aPB 30406/2008 cBPK0 apolbeng aPOL a69.059.22:614.8:331.46090803s2008 pl a |000 0 pol  uhttp://koha.tu.koszalin.pl/cgi-bin/koha/opac-detail.pl?biblionumber=56567yKatalog online BPK